000
00308nam a22001337a 4500
020
_a
NA
082
_2
22
_a
339
100
_a
Mceonnell Compbe II R., Brue stanleyrbiero Thomas.
245
_a
Micro economic /
250
_a
10th
260
_a
MGH
_b
MGH
_c
c2005
300
_a
943p,;
_b
NA
_c
24cm.
942
_2
ddc
_c
MAG
999
_c
2832
_d
2832